तत्व शुद्धि: आन्तरिक शुद्धिकरण का तांत्रिक अभ्यास (Record no. 1235348)
[ view plain ]
| 000 -LEADER | |
|---|---|
| fixed length control field | 00924nam a2200217Ia 4500 |
| 005 - DATE AND TIME OF LATEST TRANSACTION | |
| control field | 20250108125012.0 |
| 008 - FIXED-LENGTH DATA ELEMENTS--GENERAL INFORMATION | |
| fixed length control field | 008 250107s9999 xx 000 0 hin d |
| 037 ## - SOURCE OF ACQUISITION | |
| Stock number | TB |
| 040 ## - CATALOGING SOURCE | |
| Original cataloging agency | CRL |
| Language of cataloging | hin |
| Transcribing agency | CRL |
| 041 ## - LANGUAGE CODE | |
| Language code of text/sound track or separate title | hin |
| Source of code | hin |
| 084 ## - COLON CLASSIFICATION NUMBER | |
| Classification number | O152,1M80x Q9 |
| 084 ## - COLON CLASSIFICATION NUMBER | |
| Assigning agency | CRL |
| 100 ## - MAIN ENTRY--PERSONAL NAME | |
| Personal name | सरस्वती, सत्ययंगानन्द, ले. |
| 9 (RLIN) | 169250 |
| 245 #0 - TITLE STATEMENT | |
| Title | तत्व शुद्धि: आन्तरिक शुद्धिकरण का तांत्रिक अभ्यास |
| Statement of responsibility, etc. | सरस्वती, सत्ययंगानन्द, ले. |
| 260 ## - PUBLICATION, DISTRIBUTION, ETC. | |
| Place of publication, distribution, etc. | बिहार, भारत |
| Name of publisher, distributor, etc. | योग पब्लिकेशन्स ट्रस्ट |
| Date of publication, distribution, etc. | 2960 |
| 300 ## - PHYSICAL DESCRIPTION | |
| Extent | 129पृ0 |
| 365 ## - TRADE PRICE | |
| Price type code | INR |
| Price amount | 400 |
| 650 ## - SUBJECT ADDED ENTRY--TOPICAL TERM | |
| Topical term or geographic name entry element | आध्यात्मिक अनुभव और रहस्यवाद |
| 942 ## - ADDED ENTRY ELEMENTS (KOHA) | |
| Koha item type | Textbook |
| Classification part | O152,1M80x Q9 |
| Withdrawn status | Lost status | Damaged status | Not for loan | Home library | Current library | Date acquired | Source of acquisition | Cost, normal purchase price | Total Checkouts | Full call number | Barcode | Date last seen | Price effective from | Koha item type |
|---|---|---|---|---|---|---|---|---|---|---|---|---|---|---|
| Central Library | Central Library | 2025-01-08 | Gift, 02/11/2023, | 400.00 | Delta 152Q9 | CL1698958 | 2025-01-08 | 2025-01-08 | Textbook |
